书目信息 |
| 题名: |
铜回收.再生与加工技术
|
|
| 作者: | 王碧文 , 赵国权 , 贺家齐 编著 | |
| 分册: | ||
| 出版信息: | 北京 化学工业出版社 2007 |
|
| 页数: | ||
| 开本: | 26cm | |
| 丛书名: | ||
| 单 册: | ||
| 中图分类: | TG146.1 | |
| 科图分类: | ||
| 主题词: | 金属材料 | |
| 电子资源: | ||
| ISBN: | 978-7-5025-9541-8 | |
| 000 | 00669nam0 2200205 450 | |
| 001 | 0754114953 | |
| 005 | 20070929150154.95 | |
| 010 | @a978-7-5025-9541-8 | |
| 100 | @a20070929d km y0chiy0120 ea | |
| 101 | 0 | @achi |
| 200 | 1 | @a铜回收.再生与加工技术@Atong hui shou.zai sheng yu jia gong ji shu@f赵国权,贺家齐,王碧文 等编著@Fzhao guo quan,he jia qi,wang bi wen deng bian zhu |
| 210 | @a北京@c化学工业出版社@d2007 | |
| 215 | @c插图@d26cm | |
| 606 | 0 | @a金属材料 |
| 690 | @aTG146.1@v3 | |
| 701 | 0 | @a王碧文@Awang bi wen@4编著 |
| 701 | 0 | @a赵国权@Azhao guo quan@4编著 |
| 701 | 0 | @a贺家齐@Ahe jia qi@4编著 |
| 801 | 0 | @aCN@bPFT@c20070929 |
| 905 | @a213230@dTG146.1@eh5@f1 | |
| 铜回收.再生与加工技术/赵国权,贺家齐,王碧文 等编著.-北京:化学工业出版社,2007 |
| 插图;26cm |
| ISBN 978-7-5025-9541-8: |
| ● |
| 相关链接 |
|
|
|
|
正题名:铜回收·再生与加工技术
索取号:TG146.1/h5
 
预约/预借
| 序号 | 登录号 | 条形码 | 馆藏地/架位号 | 状态 | 备注 |
| 1 | 6002344 | 260023441 | 密集书库-化学系/ [索取号:TG146.1/h5] | 在馆 | |
| 2 | 6002345 | 260023450 | 密集书库-化学系/ [索取号:TG146.1/h5] | 在馆 |